| 000 | 01467nam a22003257a 4500 | ||
|---|---|---|---|
| 001 | 434 | ||
| 003 | OSt | ||
| 005 | 20250625101142.0 | ||
| 008 | 250625b |||||||g |||| 00| 0 eng d | ||
| 020 | _a9788576849940 | ||
| 040 | _bpor | ||
| 041 |
_heng _apor |
||
| 082 |
_a158.1 _bE48m |
||
| 100 | 1 |
_aElrod, Hal, _d1979- _9945 |
|
| 240 | _aThe Miracle Morning | ||
| 245 |
_aO Milagre da Manhã : _bO segredo para transformar sua vida (antes das 8 horas) / _cElrod, Hal ; Tradução de Marcelo Schild e Patrícia Azeredo |
||
| 250 | _a48 ed | ||
| 260 |
_aRio de Janeiro _bBest Seller _c2019 |
||
| 300 | _a196 p. | ||
| 520 | _aHal Elrod explica os benefícios de acordar cedo e desenvolver todo o nosso potencial e as nossas habilidades. O milagre da manhã permite que o leitor alcance níveis de sucesso jamais imaginados, tanto na vida pessoal quanto profissional. A mudança de hábitos e a nova rotina matinal proposta por Hal vai proporcionar melhorias significativas na saúde, na felicidade, nos relacionamentos, nas finanças, na espiritualidade ou quaisquer outras áreas que necessitem ser aprimoradas. | ||
| 650 | 0 |
_aLiteratura Americana _984 |
|
| 650 | 0 |
_aDesenvolvimento Pessoal _9546 |
|
| 650 | 0 |
_aMudança de hábitos _9948 |
|
| 650 | 0 |
_aProdutividade _9949 |
|
| 650 | 0 |
_aGestão do tempo _9950 |
|
| 655 | 0 |
_aNão Ficção _9102 |
|
| 700 |
_aMarcelo Schild _eTradutor _9946 |
||
| 700 |
_aPatrícia Azeredo _eTradutor _9947 |
||
| 942 |
_2ddc _n0 _cBK |
||
| 999 |
_c434 _d434 |
||